[Event "Baden-ch U16"]
[Site "Karlsruhe"]
[Date "2014.01.06"]
[Round "7"]
[White "Ehmann, Thilo"]
[Black "Schlenga, Alexander"]
[Result "1-0"]
[WhiteElo "1921"]
[BlackElo "1794"]
[PlyCount "51"]
[EventDate "2014.01.??"]
[EventType "swiss"]
[EventRounds "7"]
[EventCountry "GER"]
[SourceTitle "EXT 2022"]
[Source "ChessBase"]
[SourceDate "2021.10.06"]
[SourceVersion "1"]
[SourceVersionDate "2021.10.06"]
[SourceQuality "1"]

1. e4 c6 2. c4 d5 3. exd5 cxd5 4. cxd5 Nf6 5. Nc3 Nxd5 6. Nf3 Nc6 7. Bb5 e6 8. d4 Bd6 9. 0-0 0-0 10. a3 Nde7 11. Re1 b6 12. Bd3 h6 13. Bc2 Bb7 14. Qd3 Ng6 15. h4 Re8 16. h5 Nf8 17. Bd2 Rc8 18. Re4 Qf6 19. Rg4 Ne7 20. Ne5 Red8 21. Ne4 Bxe4 22. Qxe4 Nf5 23. Nc6 Rd7 24. Bc3 Ne7 25. d5 Qf5 26. Rxg7+ 1-0

[Event "Baden-ch U16"]
[Site "Karlsruhe"]
[Date "2014.01.04"]
[Round "5"]
[White "Schlenga, Alexander"]
[Black "Scheffler, Nico"]
[Result "1-0"]
[WhiteElo "1794"]
[BlackElo "1459"]
[PlyCount "33"]
[EventDate "2014.01.??"]
[EventType "swiss"]
[EventRounds "7"]
[EventCountry "GER"]
[SourceTitle "EXT 2022"]
[Source "ChessBase"]
[SourceDate "2021.10.06"]
[SourceVersion "1"]
[SourceVersionDate "2021.10.06"]
[SourceQuality "1"]

1. c4 c5 2. Nc3 Nf6 3. g3 e6 4. Bg2 Be7 5. Nf3 b6 6. d4 Bb7 7. d5 0-0 8. d6 Nc6 9. dxe7 Qxe7 10. 0-0 Rad8 11. e4 d6 12. Bf4 Ne5 13. Bxe5 dxe5 14. Qc2 Nd7 15. Rfd1 f5 16. exf5 Rxf5 17. Nh4 1-0

[Event "Baden-ch U16"]
[Site "Karlsruhe"]
[Date "2014.01.03"]
[Round "3"]
[White "Schlenga, Alexander"]
[Black "Bykov, Ilya"]
[Result "0-1"]
[WhiteElo "1794"]
[BlackElo "1697"]
[PlyCount "58"]
[EventDate "2014.01.??"]
[EventType "swiss"]
[EventRounds "7"]
[EventCountry "GER"]
[SourceTitle "EXT 2022"]
[Source "ChessBase"]
[SourceDate "2021.10.06"]
[SourceVersion "1"]
[SourceVersionDate "2021.10.06"]
[SourceQuality "1"]

1. c4 Nf6 2. Nc3 g6 3. g3 Bg7 4. Bg2 0-0 5. e3 c5 6. d4 cxd4 7. exd4 Nc6 8. Nf3 d6 9. d5 Na5 10. Qe2 Bg4 11. b4 Nxd5 12. Nxd5 Bxa1 13. bxa5 e6 14. Ne3 Bxf3 15. Bxf3 Qxa5+ 16. Kf1 Rab8 17. Kg2 Bg7 18. h4 b5 19. h5 b4 20. hxg6 fxg6 21. Ng4 Qf5 22. Bh6 a5 23. Qe3 Bd4 24. Qxd4 Qxf3+ 25. Kg1 e5 26. Qxd6 Qxg4 27. Qc7 Qd1+ 28. Kh2 Rxf2+ 29. Kh3 Qh5# 0-1

[Event "Baden-ch U16"]
[Site "Karlsruhe"]
[Date "2014.01.02"]
[Round "1"]
[White "Schlenga, Alexander"]
[Black "Oeztuerk, Yasin Safa"]
[Result "1-0"]
[WhiteElo "1794"]
[BlackElo "1449"]
[PlyCount "101"]
[EventDate "2014.01.??"]
[EventType "swiss"]
[EventRounds "7"]
[EventCountry "GER"]
[SourceTitle "EXT 2022"]
[Source "ChessBase"]
[SourceDate "2021.10.06"]
[SourceVersion "1"]
[SourceVersionDate "2021.10.06"]
[SourceQuality "1"]

1. c4 c5 2. Nc3 d6 3. g3 g6 4. Bg2 Bg7 5. Nf3 Nf6 6. d4 Nbd7 7. 0-0 0-0 8. d5 a6 9. a4 Ng4 10. h3 Nge5 11. Nd2 Nb6 12. Qb3 f5 13. f4 Nf7 14. Nf3 Re8 15. a5 Nd7 16. Re1 Rb8 17. e4 fxe4 18. Nxe4 b6 19. axb6 Qxb6 20. Qxb6 Rxb6 21. Ra2 Nf6 22. Neg5 Nxg5 23. Nxg5 Rb4 24. Bf1 h6 25. Ne6 Bxe6 26. Rxe6 Rb6 27. Bd2 Kf7 28. Bd3 Reb8 29. Bc3 g5 30. fxg5 hxg5 31. Ra1 Rxb2 32. Bxb2 Rxb2 33. Rxa6 Rd2 34. Ra3 g4 35. hxg4 Bf8 36. g5 Ng8 37. Bg6+ Kg7 38. Rf3 Nf6 39. gxf6+ exf6 40. Rfxf6 Rd1+ 41. Kg2 Rd2+ 42. Kh3 Kh6 43. Be4+ Kg7 44. Rh6 Rd4 45. Rh7+ Kg8 46. Bf5 Rd1 47. Kg4 Rf1 48. Rf6 Rd1 49. Rff7 Rd4+ 50. Kg5 Bh6+ 51. Kg6 1-0

[Event "GER-ch Net qual4 U14"]
[Site "Playchess.com INT"]
[Date "2012.09.12"]
[Round "2"]
[White "Hartogh, Christian"]
[Black "Schlenga, Alexander"]
[Result "0-1"]
[WhiteElo "1571"]
[BlackElo "1275"]
[PlyCount "136"]
[EventDate "2012.09.12"]
[EventType "swiss (blitz)"]
[EventRounds "7"]
[EventCountry "GER"]
[SourceTitle "CBM 150 Extra"]
[Source "ChessBase"]
[SourceDate "2012.10.19"]
[SourceVersion "1"]
[SourceVersionDate "2012.10.19"]
[SourceQuality "1"]

1. e4 e5 2. Nf3 Nc6 3. Bc4 Nf6 4. d3 Bc5 5. c3 Qe7 6. Bb3 Na5 7. Bc2 d6 8. Nbd2 Bg4 9. Nf1 Bh5 10. Ng3 Nc6 11. a4 a5 12. 0-0 0-0-0 13. Bg5 h6 14. Bxf6 Bxf3 15. Bxe7 Bxd1 16. Bxd8 Bxc2 17. Bh4 g5 18. Bxg5 hxg5 19. Nf5 Bxd3 20. Rfe1 g4 21. Rad1 Bc4 22. Rb1 Be6 23. Ne3 Bxe3 24. Rxe3 Ne7 25. b3 f5 26. exf5 Nxf5 27. Rd3 Kd7 28. c4 Nd4 29. Re1 Rf8 30. Rc3 Kc6 31. Rd3 Kc5 32. Red1 Kb4 33. Kf1 Nxb3 34. Re3 Bxc4+ 35. Ke1 Kc5 36. Re4 Nd4 37. Rxg4 Nc2+ 38. Kd2 Rxf2+ 39. Kc1 Ne3 40. Rxc4+ Nxc4 41. Rd3 Rxg2 42. h4 Rh2 43. Rg3 Rxh4 44. Rg7 c6 45. Rxb7 Nb6 46. Ra7 Rxa4 47. Kb2 e4 48. Kb3 Kb5 49. Re7 c5 50. Re6 d5 51. Re5 c4+ 52. Kc3 Ra3+ 53. Kd2 Rd3+ 54. Ke2 c3 55. Re8 a4 56. Re7 a3 57. Ra7 c2 58. Rc7 a2 59. Rxc2 a1Q 60. Kf2 Rf3+ 61. Ke2 Qf1+ 62. Kd2 Nc4+ 63. Rxc4 dxc4 64. Kc2 Qd3+ 65. Kc1 Qc3+ 66. Kd1 Rd3+ 67. Ke2 Rd2+ 68. Ke1 Qc1# 0-1

[Event "GER-ch Net qual4 U14"]
[Site "Playchess.com INT"]
[Date "2012.09.12"]
[Round "3"]
[White "Schlenga, Alexander"]
[Black "Mueller, Sophie Elisabeth"]
[Result "0-1"]
[WhiteElo "1303"]
[BlackElo "1433"]
[PlyCount "60"]
[EventDate "2012.09.12"]
[EventType "swiss (blitz)"]
[EventRounds "7"]
[EventCountry "GER"]
[SourceTitle "CBM 150 Extra"]
[Source "ChessBase"]
[SourceDate "2012.10.19"]
[SourceVersion "1"]
[SourceVersionDate "2012.10.19"]
[SourceQuality "1"]

1. e4 c5 2. Nf3 Nc6 3. d4 cxd4 4. Nxd4 Nf6 5. Nc3 e5 6. Ndb5 d6 7. Be3 a6 8. Na3 Be6 9. Bc4 Bxc4 10. Nxc4 b5 11. Nb6 Rb8 12. Nbd5 Be7 13. Nxf6+ gxf6 14. Nd5 f5 15. f3 f4 16. Bf2 0-0 17. 0-0 Kh8 18. b3 Rg8 19. Kh1 Bh4 20. Rb1 Bxf2 21. Rxf2 Qh4 22. Qd2 Rg6 23. h3 Qg3 24. c3 Rbg8 25. a4 Rh6 26. axb5 axb5 27. Ra1 Rg5 28. Qe1 Rgh5 29. Raa2 Rxh3+ 30. gxh3 Rxh3+ 0-1

[Event "GER-ch Net qual1 U14"]
[Site "Playchess.com INT"]
[Date "2012.09.01"]
[Round "4"]
[White "Schlenga, Alexander"]
[Black "Wastian, Jan"]
[Result "0-1"]
[WhiteElo "1306"]
[BlackElo "1439"]
[PlyCount "118"]
[EventDate "2012.09.01"]
[EventType "swiss (blitz)"]
[EventRounds "7"]
[EventCountry "GER"]
[SourceTitle "CBM 150 Extra"]
[Source "ChessBase"]
[SourceDate "2012.10.19"]
[SourceVersion "1"]
[SourceVersionDate "2012.10.19"]
[SourceQuality "1"]

1. e4 c6 2. d4 d5 3. Nc3 dxe4 4. Nxe4 Nd7 5. Bc4 Ngf6 6. Ng5 e6 7. f4 h6 8. N5f3 Nb6 9. Bb3 Bd6 10. Ne2 0-0 11. 0-0 c5 12. Be3 Nbd5 13. Bxd5 Nxd5 14. Qd2 Nxe3 15. Qxe3 cxd4 16. Nexd4 b6 17. Ne5 Bb7 18. Rad1 Qc7 19. c3 Rad8 20. Ndf3 Bc5 21. Nd4 Rd6 22. Kh1 Rfd8 23. Nef3 Qd7 24. Ne5 Qc7 25. f5 Bxd4 26. cxd4 Qe7 27. Ng4 Qh4 28. Rf4 Qg5 29. f6 h5 30. Qe5 Qxe5 31. Nxe5 gxf6 32. Rxf6 Rxd4 33. Rdf1 Rd1 34. Nxf7 Rxf1+ 35. Rxf1 Rf8 36. Nh6+ Kg7 37. Rxf8 Kxf8 38. Kg1 Kg7 39. g4 Kxh6 40. gxh5 Kxh5 41. Kf2 Kh4 42. Ke3 Kh3 43. Kf4 Kxh2 44. Ke5 Bd5 45. b3 Kg3 46. Kd6 Kf4 47. Kc7 e5 48. Kd6 Bh1 49. a3 e4 50. b4 e3 51. Kc7 e2 52. Kb8 a5 53. a4 axb4 54. Ka7 b3 55. Kxb6 b2 56. a5 e1Q 57. a6 b1Q+ 58. Kc7 Qed1 59. a7 Qb7# 0-1

[Event "Baden-ch U14"]
[Site "Karlsruhe Durlach"]
[Date "2012.01.04"]
[Round "5"]
[White "Riehle, Marco"]
[Black "Schlenga, Alexander"]
[Result "1-0"]
[WhiteElo "1828"]
[BlackElo "1515"]
[PlyCount "73"]
[EventDate "2012.01.02"]
[EventType "swiss"]
[EventRounds "7"]
[EventCountry "GER"]
[SourceTitle "EXT 2015"]
[Source "ChessBase"]
[SourceDate "2014.11.20"]
[SourceVersion "1"]
[SourceVersionDate "2014.11.20"]
[SourceQuality "1"]

1. e4 c5 2. Nf3 d6 3. d4 cxd4 4. Nxd4 Nf6 5. Nc3 g6 6. f3 Bg7 7. Be3 0-0 8. Qd2 Nc6 9. 0-0-0 Nxd4 10. Bxd4 Be6 11. Kb1 a6 12. g4 Qc7 13. h4 Rfc8 14. h5 b5 15. hxg6 hxg6 16. Bd3 Bc4 17. Nd5 Nxd5 18. Bxg7 Kxg7 19. Qh6+ Kf6 20. exd5 e6 21. Qh4+ Kg7 22. Qh7+ Kf8 23. Bxc4 Qxc4 24. dxe6 Qxe6 25. Qh8+ Ke7 26. Qg7 Kd7 27. b3 Rc5 28. f4 Kc6 29. Rhe1 Qd7 30. Qf6 Rf8 31. Re3 Qd8 32. Qd4 d5 33. Rde1 Qd6 34. Re7 g5 35. Ra7 Kb6 36. Ree7 Rb8 37. b4 1-0

[Event "Baden-ch U14"]
[Site "Karlsruhe Durlach"]
[Date "2012.01.04"]
[Round "6"]
[White "Schlenga, Alexander"]
[Black "Bohnert, Dominik"]
[Result "1/2-1/2"]
[WhiteElo "1515"]
[BlackElo "1753"]
[PlyCount "96"]
[EventDate "2012.01.02"]
[EventType "swiss"]
[EventRounds "7"]
[EventCountry "GER"]
[SourceTitle "EXT 2015"]
[Source "ChessBase"]
[SourceDate "2014.11.20"]
[SourceVersion "1"]
[SourceVersionDate "2014.11.20"]
[SourceQuality "1"]

1. e4 e5 2. Nf3 Nc6 3. Bc4 Bc5 4. Nc3 Nf6 5. d3 d6 6. Na4 Bb6 7. Nxb6 axb6 8. Bg5 h6 9. Bh4 g5 10. Bg3 Na5 11. Nd2 Nxc4 12. Nxc4 Be6 13. Ne3 Ng8 14. 0-0 Ne7 15. d4 f6 16. a3 Qd7 17. d5 Bf7 18. c4 f5 19. f3 Bh5 20. Be1 fxe4 21. g4 Bg6 22. Bg3 0-0 23. fxe4 Bxe4 24. Qb3 Bg6 25. Qc3 Rxf1+ 26. Rxf1 Rf8 27. b4 Rxf1+ 28. Kxf1 Nc8 29. c5 bxc5 30. bxc5 Qf7+ 31. Ke2 Ne7 32. cxd6 cxd6 33. Qc7 Nxd5 34. Qxd6 Nf4+ 35. Ke1 Qf8 36. Qb6 Qf7 37. a4 Kg7 38. a5 Qd7 39. Nc4 Nd3+ 40. Ke2 Qxg4+ 41. Kd2 Qxc4 42. Qxb7+ Bf7 43. a6 e4 44. a7 Qc1+ 45. Ke2 Qc2+ 46. Ke3 Qc1+ 47. Ke2 Qc4 48. Ke3 Qc1+ 1/2-1/2

[Event "Baden-ch U14"]
[Site "Karlsruhe Durlach"]
[Date "2012.01.03"]
[Round "4"]
[White "De Silva, Joel Niels"]
[Black "Schlenga, Alexander"]
[Result "0-1"]
[WhiteElo "1600"]
[BlackElo "1515"]
[PlyCount "124"]
[EventDate "2012.01.02"]
[EventType "swiss"]
[EventRounds "7"]
[EventCountry "GER"]
[SourceTitle "EXT 2015"]
[Source "ChessBase"]
[SourceDate "2014.11.20"]
[SourceVersion "1"]
[SourceVersionDate "2014.11.20"]
[SourceQuality "1"]

1. e4 c5 2. Nf3 d6 3. d4 cxd4 4. Nxd4 Nf6 5. Nc3 g6 6. Be3 Bg7 7. Be2 0-0 8. f3 Nc6 9. g4 Nxd4 10. Bxd4 Be6 11. h4 Qa5 12. Kf2 Qb4 13. Kg2 Nxg4 14. fxg4 Bxd4 15. a3 Qc5 16. Na4 Qe5 17. c3 Be3 18. Qd3 Bf4 19. c4 Rac8 20. b3 f5 21. exf5 gxf5 22. g5 b5 23. cxb5 Rc7 24. Bf3 Rfc8 25. Rhe1 Rc2+ 26. Kh1 Rc1 27. Raxc1 Rxc1 28. Rxc1 Bxc1 29. Qe2 Qxe2 30. Bxe2 Bxb3 31. b6 Bxa4 32. Bc4+ Kg7 33. bxa7 Bc6+ 34. Kg1 Be3+ 35. Kf1 Bxa7 36. Bd3 Bc5 37. Bxf5 Bxa3 38. h5 Bc1 39. g6 hxg6 40. Bxg6 Bf3 41. Kf2 Bd1 42. Ke1 Bg4 43. Kf2 Kh6 44. Bd3 Bxh5 45. Kg2 e5 46. Be4 Kg5 47. Kf2 Kf4 48. Bc6 e4 49. Ke1 e3 50. Bb5 Bd2+ 51. Kf1 d5 52. Bd3 d4 53. Bc4 Kg3 54. Bd3 Bf3 55. Bc4 Be4 56. Be2 d3 57. Kg1 Bc3 58. Bf1 d2 59. Be2 Bd4 60. Kf1 Bg2+ 61. Kg1 Ba7 62. Bf3 e2# 0-1

[Event "Baden-ch U14"]
[Site "Karlsruhe Durlach"]
[Date "2012.01.03"]
[Round "2"]
[White "Grunau, Christoph"]
[Black "Schlenga, Alexander"]
[Result "1-0"]
[WhiteElo "1868"]
[BlackElo "1515"]
[PlyCount "45"]
[EventDate "2012.01.02"]
[EventType "swiss"]
[EventRounds "7"]
[EventCountry "GER"]
[SourceTitle "EXT 2015"]
[Source "ChessBase"]
[SourceDate "2014.11.20"]
[SourceVersion "1"]
[SourceVersionDate "2014.11.20"]
[SourceQuality "1"]

1. e4 c5 2. Nf3 d6 3. Bb5+ Bd7 4. Bxd7+ Nxd7 5. 0-0 g6 6. c3 Bg7 7. d4 Ngf6 8. e5 Ne4 9. Re1 d5 10. c4 Nb6 11. cxd5 Qxd5 12. Qe2 cxd4 13. Qxe4 d3 14. Qxd5 Nxd5 15. Bd2 0-0 16. a3 Rac8 17. Nc3 Nb6 18. Rad1 Rfd8 19. Nb5 Rc2 20. Bc3 Nc4 21. Nbd4 Nxb2 22. Nxc2 Nxd1 23. Rxd1 1-0

[Event "GER-ch Net qual4 U14"]
[Site "Playchess.com INT"]
[Date "2011.05.11"]
[Round "2"]
[White "Dittrich, Tom"]
[Black "Schlenga, Alexander"]
[Result "1/2-1/2"]
[WhiteElo "1415"]
[BlackElo "1494"]
[PlyCount "26"]
[EventDate "2011.05.11"]
[EventType "swiss (blitz)"]
[EventRounds "7"]
[EventCountry "GER"]
[SourceTitle "CBM 142 Extra"]
[Source "ChessBase"]
[SourceDate "2011.06.27"]
[SourceVersion "1"]
[SourceVersionDate "2011.06.27"]
[SourceQuality "1"]

1. Nc3 d5 2. e4 d4 3. Nce2 e5 4. Ng3 f6 5. Bc4 Qe7 6. N1e2 Be6 7. Bxe6 Qxe6 8. 0-0 Nd7 9. d3 0-0-0 10. f4 Bd6 11. fxe5 fxe5 12. Nf5 g6 13. Nxd6+ Qxd6 1/2-1/2

[Event "GER-ch Net qual4 U14"]
[Site "Playchess.com INT"]
[Date "2011.05.11"]
[Round "1"]
[White "Schlenga, Alexander"]
[Black "Donchenko, Alexander"]
[Result "0-1"]
[WhiteElo "1494"]
[BlackElo "2317"]
[PlyCount "96"]
[EventDate "2011.05.11"]
[EventType "swiss (blitz)"]
[EventRounds "7"]
[EventCountry "GER"]
[SourceTitle "CBM 142 Extra"]
[Source "ChessBase"]
[SourceDate "2011.06.27"]
[SourceVersion "1"]
[SourceVersionDate "2011.06.27"]
[SourceQuality "1"]

1. e4 c5 2. Nf3 d6 3. d4 cxd4 4. Nxd4 Nf6 5. Nc3 a6 6. Be3 e5 7. Nf3 Be7 8. Bc4 0-0 9. 0-0 Be6 10. Bb3 h6 11. Re1 Nbd7 12. Re2 b5 13. Bd5 Bxd5 14. Nxd5 Nxd5 15. Qxd5 Qc7 16. Rc1 Rfc8 17. Nd2 Nb6 18. Bxb6 Qxb6 19. c4 Bg5 20. Rc3 Ra7 21. cxb5 Rxc3 22. bxc3 axb5 23. c4 Rxa2 24. h3 Rxd2 25. Rxd2 Bxd2 26. Qxd2 bxc4 27. Qd5 c3 28. Qc4 Qc5 29. Qf1 c2 30. Qc1 Qc4 31. f3 Qd4+ 32. Kf1 Qd1+ 33. Qxd1 cxd1Q+ 34. Kf2 d5 35. exd5 Qxd5 36. Ke3 Qd4+ 37. Ke2 f5 38. Ke1 e4 39. fxe4 fxe4 40. Ke2 e3 41. g4 Qd2+ 42. Kf3 Qf2+ 43. Ke4 e2 44. Kd3 e1Q 45. g5 Qfd2+ 46. Kc4 Qec1+ 47. Kb5 Qdb2+ 48. Ka4 Qca1# 0-1